[Event "Blankenese op 3rd"]
[Site "Hamburg"]
[Date "2019.10.05"]
[Round "5"]
[White "Sommer, Justus"]
[Black "Fasahat, Hossein"]
[Result "1-0"]
[WhiteElo "1773"]
[BlackElo "1500"]
[PlyCount "125"]
[EventDate "2019.10.03"]
[EventType "swiss"]
[EventRounds "7"]
[EventCountry "GER"]
[SourceTitle "EXT 2023"]
[Source "ChessBase"]
[SourceDate "2022.10.05"]
[SourceVersion "1"]
[SourceVersionDate "2022.10.05"]
[SourceQuality "1"]

1. e4 d6 2. d4 Nf6 3. Nc3 c6 4. a4 Qa5 5. Bd2 Qb6 6. Bc1 Bg4 7. Be2 Bxe2 8. Ngxe2 e5 9. 0-0 Nbd7 10. h3 Be7 11. Be3 Qc7 12. Ng3 0-0 13. Nce2 exd4 14. Nxd4 Nc5 15. Ndf5 Ne6 16. Nxe7+ Qxe7 17. Nf5 Qc7 18. Bd4 Nxd4 19. Qxd4 Rfd8 20. g4 c5 21. Qc3 d5 22. exd5 Rxd5 23. Rfe1 Rxf5 24. gxf5 Qf4 25. Qe3 Qxf5 26. Re2 h6 27. Rd1 b6 28. Red2 Ne4 29. Rd5 Qg6+ 30. Kf1 Re8 31. Rd8 Rxd8 32. Rxd8+ Kh7 33. Rd1 Ng5 34. Qd3 f5 35. b3 Ne4 36. Qf3 Qg5 37. Qe3 Qh5 38. Re1 Ng5 39. Kg2 Qg6 40. Qg3 Qc6+ 41. f3 c4 42. Qf4 Qg6 43. Kh2 Nf7 44. Rg1 Qe6 45. Qg3 g5 46. f4 cxb3 47. cxb3 Qe2+ 48. Rg2 Qe4 49. fxg5 hxg5 50. Rf2 Kg6 51. Qf3 Qxf3 52. Rxf3 Ne5 53. Rc3 f4 54. Rc7 Nf3+ 55. Kg2 Nd4 56. Rxa7 Nxb3 57. Ra6 Kf5 58. Rxb6 Nd4 59. a5 g4 60. hxg4+ Kxg4 61. a6 Nf5 62. a7 Ne3+ 63. Kg1 1-0

[Event "Blankenese op 3rd"]
[Site "Hamburg"]
[Date "2019.10.04"]
[Round "4"]
[White "Fasahat, Hossein"]
[Black "Itin, Timofey"]
[Result "1-0"]
[WhiteElo "1500"]
[BlackElo "1113"]
[PlyCount "75"]
[EventDate "2019.10.03"]
[EventType "swiss"]
[EventRounds "7"]
[EventCountry "GER"]
[SourceTitle "EXT 2023"]
[Source "ChessBase"]
[SourceDate "2022.10.05"]
[SourceVersion "1"]
[SourceVersionDate "2022.10.05"]
[SourceQuality "1"]

1. d4 d5 2. e3 e6 3. a3 Nf6 4. Nf3 Nc6 5. b3 Bd6 6. Bb2 0-0 7. Bd3 Re8 8. Ne5 Ne7 9. Nd2 Nd7 10. f4 Nf5 11. Qf3 c5 12. 0-0 f6 13. Nxd7 Bxd7 14. c3 Bc6 15. Rae1 b5 16. b4 c4 17. Bc2 Nh6 18. e4 f5 19. exf5 exf5 20. Qg3 Qc7 21. Bc1 Rxe1 22. Qxe1 Bxf4 23. g3 Re8 24. Qd1 Be3+ 25. Kg2 f4 26. Nf3 Bxc1 27. Qxc1 fxg3 28. Ne5 gxh2 29. Qf4 h1B+ 30. Rxh1 Rf8 31. Bxh7+ Kxh7 32. Qxf8 a6 33. Qf5+ Kg8 34. Qe6+ Kh7 35. Qg6+ Kg8 36. Rxh6 Bb7 37. Qe6+ Kf8 38. Rh8# 1-0

[Event "Hamburg-chA"]
[Site "Hamburg"]
[Date "2017.06.11"]
[Round "7"]
[White "Fasahat, Hossein"]
[Black "Priess, Holger"]
[Result "1/2-1/2"]
[WhiteElo "1541"]
[BlackElo "1630"]
[PlyCount "108"]
[EventDate "2017.06.03"]
[EventType "swiss"]
[EventRounds "7"]
[EventCountry "GER"]
[SourceTitle "CBM 179 Extra"]
[Source "ChessBase"]
[SourceDate "2017.08.23"]
[SourceVersion "1"]
[SourceVersionDate "2017.08.23"]
[SourceQuality "1"]

1. e4 e5 2. Nf3 Nc6 3. Nc3 Bc5 4. a3 a6 5. Bc4 d6 6. h3 Nge7 7. d3 h6 8. b4 Bd4 9. Bb2 0-0 10. Nxd4 exd4 11. Ne2 d5 12. Ba2 dxe4 13. dxe4 Re8 14. 0-0 Ng6 15. Bd5 Qg5 16. Ng3 Nf4 17. Bc1 Qf6 18. Bb2 Ne5 19. Bxd4 Nxh3+ 20. gxh3 Nf3+ 21. Kh1 Nxd4 22. Kg2 c6 23. Ba2 Be6 24. f4 Bxa2 25. Rxa2 Nb5 26. Ra1 Rad8 27. Qe1 Nd4 28. Qf2 Qg6 29. Kh2 Qd6 30. Rae1 Ne6 31. e5 Qd4 32. Re3 Qc4 33. Ne4 Kh7 34. Nd6 Qd5 35. Nxe8 Rxe8 36. Rg3 Rd8 37. Rd3 Qe4 38. Rfd1 Qf5 39. Rxd8 Nxd8 40. Qd2 Ne6 41. Rf1 g5 42. Qd3 Qxd3 43. cxd3 Nxf4 44. Rf3 Kg6 45. Kg3 Kf5 46. Re3 h5 47. Kf2 Nd5 48. Rf3+ Nf4 49. Re3 Nd5 50. Rf3+ Nf4 51. Ke3 Kxe5 52. Kd2 Kd4 53. Re3 f5 54. Rf3 h4 1/2-1/2

[Event "Hamburg-chA"]
[Site "Hamburg"]
[Date "2017.06.09"]
[Round "5"]
[White "Fasahat, Hossein"]
[Black "Meyer, Michael M"]
[Result "1-0"]
[WhiteElo "1541"]
[BlackElo "1723"]
[PlyCount "115"]
[EventDate "2017.06.03"]
[EventType "swiss"]
[EventRounds "7"]
[EventCountry "GER"]
[SourceTitle "CBM 179 Extra"]
[Source "ChessBase"]
[SourceDate "2017.08.23"]
[SourceVersion "1"]
[SourceVersionDate "2017.08.23"]
[SourceQuality "1"]

1. e4 c5 2. Nc3 Nc6 3. Nf3 Nf6 4. h3 d6 5. Bc4 e6 6. a3 a6 7. d3 Be7 8. 0-0 0-0 9. d4 cxd4 10. Nxd4 Qc7 11. Be2 Nxd4 12. Qxd4 Rd8 13. Qe3 Ne8 14. Qg3 Bf6 15. Bd2 b5 16. Bd3 Bb7 17. Rab1 Rac8 18. Nd1 Qe7 19. Ba5 Rd7 20. Bb4 Be5 21. f4 Bd4+ 22. Kh1 Qd8 23. Bd2 Bb6 24. Bc3 Rdc7 25. Nf2 Bxf2 26. Rxf2 Rxc3 27. bxc3 Rxc3 28. e5 Be4 29. Rb3 Rxb3 30. cxb3 Qa8 31. Qe3 Bd5 32. b4 g6 33. Kh2 Qb8 34. g3 dxe5 35. fxe5 Ba8 36. Be2 Nc7 37. Qf4 Qe8 38. Bf3 Nd5 39. Qd4 Qd8 40. Qa7 Qe8 41. Qxa6 Nc7 42. Qd6 Nd5 43. Bg2 Qc8 44. Bxd5 Bxd5 45. Qe7 Qf8 46. Qd7 Bc4 47. a4 bxa4 48. Qxa4 Qe7 49. Qa8+ Kg7 50. Qa5 Qb7 51. Qc5 Bb5 52. Rf4 Bc6 53. h4 Bh1 54. Qf2 Bd5 55. b5 h6 56. b6 h5 57. Ra4 Qb8 58. Ra7 1-0

[Event "Hamburg-chA"]
[Site "Hamburg"]
[Date "2017.06.05"]
[Round "3"]
[White "Fasahat, Hossein"]
[Black "Raedisch, Peter"]
[Result "1-0"]
[WhiteElo "1541"]
[BlackElo "1637"]
[PlyCount "121"]
[EventDate "2017.06.03"]
[EventType "swiss"]
[EventRounds "7"]
[EventCountry "GER"]
[SourceTitle "CBM 179 Extra"]
[Source "ChessBase"]
[SourceDate "2017.08.23"]
[SourceVersion "1"]
[SourceVersionDate "2017.08.23"]
[SourceQuality "1"]

1. e4 e5 2. Nf3 Nc6 3. Nc3 Nf6 4. a3 a5 5. d4 Bd6 6. d5 Na7 7. Bg5 Qe7 8. Bd3 h6 9. Bh4 c6 10. Na4 g5 11. Nxg5 hxg5 12. Bxg5 Rg8 13. h4 Qd8 14. Qf3 Rg6 15. c4 Be7 16. c5 d6 17. Nb6 Bg4 18. Qe3 Rb8 19. f3 dxc5 20. Nc4 cxd5 21. Nxe5 Rg8 22. fxg4 d4 23. Qf3 Qb6 24. 0-0 Qe6 25. Bc4 Qxe5 26. Bxf6 Bxf6 27. g5 Nc6 28. Qb3 Rg7 29. Rxf6 Qxe4 30. Bxf7+ Kd7 31. Qg3 Qe3+ 32. Qxe3 dxe3 33. Re1 Ne5 34. Be6+ Kc7 35. Rxe3 Nc6 36. Bd5 Nd4 37. Kf2 Rd8 38. Re5 Rgd7 39. Bc4 b6 40. g6 Nc6 41. Re2 Nd4 42. Rd2 b5 43. Bf7 Rf8 44. Ra6 Kb7 45. Rf6 b4 46. axb4 axb4 47. Bd5+ Rxd5 48. Rxf8 Rf5+ 49. Rxf5 Nxf5 50. g7 Nh6 51. Rd6 Ng8 52. Ke3 Kc7 53. Rd1 Nh6 54. Kd3 Kd6 55. Kc4+ Kc6 56. Rb1 Ng8 57. g4 b3 58. g5 Kd6 59. h5 Kd7 60. h6 Ke7 61. h7 1-0

[Event "Hamburg CC Easter op 3rd"]
[Site "Hamburg"]
[Date "2017.04.16"]
[Round "6"]
[White "Huo, Da"]
[Black "Fasahat, Hossein"]
[Result "1-0"]
[WhiteElo "1734"]
[BlackElo "1499"]
[PlyCount "79"]
[EventDate "2017.04.14"]
[EventType "swiss"]
[EventRounds "7"]
[EventCountry "GER"]
[SourceTitle "EXT 2020"]
[Source "ChessBase"]
[SourceDate "2019.10.17"]
[SourceVersion "1"]
[SourceVersionDate "2019.10.17"]
[SourceQuality "1"]

1. e4 e5 2. Nf3 Nc6 3. Bc4 Nf6 4. d3 h6 5. c3 Be7 6. 0-0 0-0 7. Nbd2 Na5 8. Nxe5 d5 9. exd5 Nxd5 10. Nef3 Nxc4 11. Nxc4 Bg4 12. Ne3 Bh5 13. Re1 Bc5 14. d4 Bb6 15. a3 c6 16. Bd2 Bc7 17. Nxd5 Qxd5 18. Be3 Rae8 19. Rc1 b5 20. Qe2 Re6 21. c4 Qd6 22. cxb5 cxb5 23. Red1 Rf6 24. Kf1 Bxf3 25. gxf3 Qxh2 26. Ke1 a6 27. b4 Re8 28. Kd2 Bb6 29. Qd3 Qd6 30. Rc3 Rg6 31. Kc2 Qd5 32. Kd2 Qxf3 33. Qe2 Qa8 34. Kc2 Rc8 35. Rxc8+ Qxc8+ 36. Kb2 Qe6 37. d5 Qf6+ 38. Ka2 Bc7 39. Bc5 Qd8 40. Qd2 1-0